00486 a2200157 4500001000700000003000400007005001700011008004100028082001700069100002300086245010800109260004800217300001000265653003700275700001600312002543OSt20220202113448.0  a514.74bH27F1 aHasselblatt, Boris1 aA first course in dynamics: with a panorama of recent developmentscby Boris Hasselblatt and A.B. Katok aNew DelhibCambridge University Pressc2010 a424p. aDifferentiable dynamical systems aKatok, A.B.